000
00388nam a22001697a 4500
003
MPLRDC
005
20220104143539.0
008
210129b ||||| |||| 00| 0 eng d
082
_a
019 ZW c.2
100
_a
不详
245
_a
迅速读书法
_c
260
_a
_b
钟文出版社
_c
300
_b
平
490
_a
学习知识丛书
650
_a
读书法
942
_c
BK
_o
019 ZW c.2
999
_c
40980
_d
40970